Commonwealth : (Record no. 591519)

000 -LEADER
fixed length control field 01824cam a2200385 a 4500
001 - CONTROL NUMBER
control field 14825987
005 - DATE AND TIME OF LATEST TRANSACTION
control field 20221006091350.0
008 - FIXED-LENGTH DATA ELEMENTS--GENERAL INFORMATION
fixed length control field 070427s2008 enka b 001 0 eng
010 ## - LIBRARY OF CONGRESS CONTROL NUMBER
LC control number 2007016950
020 ## - INTERNATIONAL STANDARD BOOK NUMBER
International Standard Book Number 9780415351201 (hardback)
020 ## - INTERNATIONAL STANDARD BOOK NUMBER
International Standard Book Number 0415351200 (hardback)
020 ## - INTERNATIONAL STANDARD BOOK NUMBER
International Standard Book Number 9780415351218 (pbk.)
020 ## - INTERNATIONAL STANDARD BOOK NUMBER
International Standard Book Number 0415351219 (pbk.)
020 ## - INTERNATIONAL STANDARD BOOK NUMBER
International Standard Book Number 9780203937327 (ebook)
020 ## - INTERNATIONAL STANDARD BOOK NUMBER
International Standard Book Number 0203937325 (ebook)
035 ## - SYSTEM CONTROL NUMBER
System control number (OCoLC)ocn123912523
040 ## - CATALOGING SOURCE
Original cataloging agency DLC
Transcribing agency DLC
Modifying agency YDX
-- BTCTA
-- BAKER
-- YDXCP
-- IUP
-- IAY
-- DLC
050 00 - LIBRARY OF CONGRESS CALL NUMBER
Classification number JZ1318
Item number .S534 2008
082 00 - DEWEY DECIMAL CLASSIFICATION NUMBER
Classification number 341.2
Author Mark SHA
100 1# - MAIN ENTRY--PERSONAL NAME
Personal name Shaw, Timothy M.
9 (RLIN) 99190
245 10 - TITLE STATEMENT
Title Commonwealth :
Remainder of title inter- and non-state contributions to global governance /
Statement of responsibility, etc. Timothy M. Shaw.
260 ## - PUBLICATION, DISTRIBUTION, ETC.
Place of publication, distribution, etc. Abingdon, Oxon ;
-- New York, NY :
Name of publisher, distributor, etc. Routledge,
Date of publication, distribution, etc. 2008.
300 ## - PHYSICAL DESCRIPTION
Extent xvi, 160 p. :
Other physical details ill. ;
Dimensions 22 cm.
490 1# - SERIES STATEMENT
Series statement Routledge global institutions
504 ## - BIBLIOGRAPHY, ETC. NOTE
Bibliography, etc. note Includes bibliographical references and index.
505 0# - FORMATTED CONTENTS NOTE
Formatted contents note Commonwealth(s), inter- and non-state : how compatible? -- From decolonization to democratization : beyond the extended family to post-imperial nation-building? -- Commonwealths today : towards human development, human rights, and human security? -- Commonwealths' discourses and directions : pro- and/or anti-globalizations? -- Commonwealths and the competition : what niches? -- Commonwealths and the future.
650 #0 - SUBJECT ADDED ENTRY--TOPICAL TERM
Topical term or geographic name entry element International cooperation.
9 (RLIN) 12487
650 #0 - SUBJECT ADDED ENTRY--TOPICAL TERM
Topical term or geographic name entry element Democratization.
650 #0 - SUBJECT ADDED ENTRY--TOPICAL TERM
Topical term or geographic name entry element Globalization.
830 #0 - SERIES ADDED ENTRY--UNIFORM TITLE
Uniform title Global institutions series
9 (RLIN) 99191
856 41 - ELECTRONIC LOCATION AND ACCESS
Materials specified Table of contents only
Uniform Resource Identifier <a href="http://www.loc.gov/catdir/toc/ecip0716/2007016950.html">http://www.loc.gov/catdir/toc/ecip0716/2007016950.html</a>
906 ## - LOCAL DATA ELEMENT F, LDF (RLIN)
a 7
b cbc
c orignew
d 1
e ecip
f 20
g y-gencatlg
942 ## - ADDED ENTRY ELEMENTS (KOHA)
Source of classification or shelving scheme
Koha item type Book
Holdings
Withdrawn status Lost status Source of classification or shelving scheme Damaged status Not for loan Permanent Location Current Location Shelving location Date acquired Source of acquisition Full call number Barcode Date last seen Price effective from Koha item type
          NUST Law School (NLS) NUST Law School (NLS) Chinese Studies 10/06/2022 Donated by China Embassy 341.2 SHA CL-D-1893 10/06/2022 10/06/2022 Book
© 2023 Central Library, National University of Sciences and Technology. All Rights Reserved.